Ulice Kalisza - 1976 r. - Statystyki

Ogólne statystyki
  • Ten quiz został rozwiązany 94 razy
  • Średni wynik to 35 z 328
Statystyki odpowiedzi
Hint Odpowiedź % Poprawnych
ulica Łódzka
63%
ulica Poznańska
61%
ulica Warszawska
61%
ulica Górnośląska
59%
ulica Polna
56%
ulica 3 Maja
53%
aleja Wojska Polskiego
53%
ulica Wrocławska
52%
ulica Częstochowska
45%
ulica Fryderyka Chopina
39%
ulica Majkowska
39%
ulica Adama Asnyka
38%
ulica Ostrowska
38%
ulica Adama Mickiewicza
34%
ulica Babina
34%
ulica Mikołaja Kopernika
34%
ulica Tadeusza Kościuszki
33%
ulica Dobrzecka
31%
ulica Dworcowa
30%
ulica Gdańska
30%
ulica Harcerska
30%
ulica Serbinowska
30%
ulica Widok
30%
ulica Wodna
30%
ulica Lipowa
28%
ulica Podmiejska
28%
ulica Toruńska
28%
ulica Śródmiejska
27%
ulica Browarna
25%
ulica Młynarska
25%
ulica Skarszewska
25%
ulica Stanisława Staszica
25%
ulica Bankowa
23%
ulica Handlowa
23%
ulica Korczak
23%
ulica Zielona
23%
plac 1 Maja
22%
ulica Sukiennicza
22%
ulica Ułańska
22%
aleja Wolności
22%
ulica Ciasna
20%
ulica Cmentarna
20%
ulica Graniczna
20%
ulica Kazimierza Pułaskiego
20%
ulica Marii Konopnickiej
20%
ulica Parkowa
20%
ulica Wąska
20%
ulica Długa
19%
ulica Fabryczna
19%
ulica Juliana Tuwima
19%
ulica Kolegialna
19%
ulica Obozowa
19%
ulica Ogrodowa
19%
ulica Skalmierzycka
19%
ulica Szkolna
19%
ulica Grodzka
17%
ulica Henryka Sienkiewicza
17%
ulica Juliusza Słowackiego
17%
ulica Kanonicka
17%
ulica Kolejowa
17%
ulica Krótka
17%
ulica Cegielniana
16%
ulica Czaszkowska
16%
ulica Gabriela Narutowicza
16%
ulica Jana Długosza
16%
ulica Karola Świerczewskiego
16%
ulica Łazienna
16%
ulica Zachodnia
16%
ulica Augustyna Kordeckiego
14%
ulica Bogumiła i Barbary
14%
ulica Cicha
14%
ulica Gdyńska
14%
ulica Grunwaldzka
14%
ulica Ignacego Paderewskiego
14%
ulica Krucza
14%
ulica Kubusia Puchatka
14%
ulica Kwiatowa
14%
ulica Mikołaja Reja
14%
ulica Piekarska
14%
ulica Pomorska
14%
ulica Stefana Żeromskiego
14%
ulica Szeroka
14%
ulica Targowa
14%
ulica Winiarska
14%
ulica Wiśniowa
14%
ulica Żołnierska
14%
ulica Bolesława Prusa
13%
ulica Braci Niemojowskich
13%
ulica Mazurska
13%
ulica Miła
13%
ulica Morelowa
13%
ulica Piskorzewie
13%
ulica Południowa
13%
ulica Rzemieślnicza
13%
ulica Sadowa
13%
ulica Sportowa
13%
ulica Srebrna
13%
plac św. Józefa
13%
ulica Teatralna
13%
ulica Wał Jana Matejki
13%
ulica Żelazna
13%
ulica Bażancia
11%
ulica Bolesława Chrobrego
11%
ulica Budowlanych
11%
ulica Dębowa
11%
ulica Garbarska
11%
ulica Garncarska
11%
ulica Górna
11%
ulica Kaszubska
11%
ulica Kazimierzowska
11%
ulica Ludowa
11%
ulica Podgórze
11%
ulica Prosta
11%
ulica Stanisława Moniuszki
11%
ulica Torowa
11%
ulica Wysoka
11%
ulica Zagorzynek
11%
ulica Brzozowa
9%
ulica Cypriana Godebskiego
9%
ulica Elektryczna
9%
ulica Feliksa Dzierżyńskiego
9%
ulica Franciszkańska
9%
plac Jana Kilińskiego
9%
ulica Klonowa
9%
ulica Kręta
9%
ulica Krzywa
9%
ulica Mała
9%
ulica Malinowa
9%
ulica Marcelego Nowotki
9%
ulica Miedziana
9%
ulica Obywatelska
9%
ulica Piwonicka
9%
ulica Robotnicza
9%
ulica Rzeczna
9%
ulica Spacerowa
9%
ulica Zgodna
9%
ulica Boczna
8%
ulica Borkowska
8%
ulica Działkowa
8%
ulica Gołębia
8%
ulica Grzybowa
8%
ulica Jana Kochanowskiego
8%
ulica Jasna
8%
ulica Karpacka
8%
ulica Kielecka
8%
ulica Metalowców
8%
ulica Mostowa
8%
ulica Przemysłowa
8%
ulica Ptasia
8%
ulica Pucka
8%
ulica Rajskowska
8%
ulica Stanisława Wyspiańskiego
8%
ulica Szewska
8%
ulica Szwedzka
8%
ulica Tatrzańska
8%
ulica Topolowa
8%
ulica Towarowa
8%
ulica Wiatraki
8%
ulica Wojciecha Jabłkowskiego
8%
ulica Wspólna
8%
ulica Żabia
8%
ulica 23 Stycznia
6%
ulica Berka Joselewicza
6%
ulica Beskidzka
6%
plac Bohaterów Stalingradu
6%
ulica Bolesława Pobożnego
6%
ulica Bolesława Rumińskiego
6%
ulica Brzoskwiniowa
6%
ulica Bukowa
6%
ulica Cementowa
6%
ulica Ceramiczna
6%
ulica Hoża
6%
ulica Ignacego Kraszewskiego
6%
ulica Jarosława Dąbrowskiego
6%
ulica Józefa Bema
6%
ulica Kresowa
6%
ulica Łączna
6%
ulica Leopolda Staffa
6%
ulica Mariana Buczka
6%
ulica Niska
6%
ulica Noskowska
6%
ulica Orzechowa
6%
ulica Owsiana
6%
ulica Przesmyk
6%
ulica Rzeźnicza
6%
ulica Smolna
6%
ulica Sosnowa
6%
ulica Strzelecka
6%
ulica Wierzbowa
6%
ulica Wronia
6%
ulica Zawodzie
6%
ulica Żytnia
6%
ulica Aleksandra Fredry
5%
ulica Artylerzystów
5%
ulica Botaniczna
5%
ulica Czarna Droga
5%
ulica Czereśniowa
5%
ulica Dolna
5%
ulica Franciszka Zubrzyckiego
5%
ulica Głogowska
5%
ulica Helska
5%
ulica Karkonoska
5%
ulica Koszałka Opałka
5%
ulica Lotnicza
5%
ulica Podwale
5%
ulica Powstańców Wielkopolskich
5%
ulica Poziomkowa
5%
ulica Przechodnia
5%
ulica Różana
5%
ulica Rybacka
5%
ulica Rycerska
5%
ulica Śnieżna
5%
ulica Spółdzielcza
5%
ulica Sulisławicka
5%
ulica Świętokrzyska
5%
ulica Szklarska
5%
ulica Tadeusza Boya-Żeleńskiego
5%
ulica Tęczowa
5%
aleja Walecznych
5%
ulica Wał Piastowski
5%
ulica Wał Staromiejski
5%
ulica Wielka
5%
ulica Adama Chodyńskiego
3%
ulica Biskupicka
3%
ulica Błotna
3%
ulica Chłodna
3%
ulica Chmielna
3%
ulica Ciepła
3%
ulica Ciesielska
3%
ulica Czołgistów
3%
ulica Energetyków
3%
ulica Gliniana
3%
ulica Halna
3%
ulica Henryka Melcera
3%
ulica Henryka Wieniawskiego
3%
ulica Izerska
3%
ulica Józefa Koszutskiego
3%
ulica Kadecka
3%
ulica Karola Szymanowskiego
3%
ulica Kątna
3%
ulica Kornela Makuszyńskiego
3%
ulica Kredytowa
3%
ulica Kwiatów Polskich
3%
ulica Łęgowa
3%
ulica Leona Kruczkowskiego
3%
ulica Ludwika Idzikowskiego
3%
ulica Ludwika Waryńskiego
3%
ulica Mariana Rapackiego
3%
ulica Marynarska
3%
ulica Mieczysława Karłowicza
3%
ulica Olszowa
3%
ulica Parafialna
3%
ulica Partyzantów
3%
ulica Przeskok
3%
ulica Przybrzeżna
3%
ulica Pszenna
3%
ulica Rolna
3%
ulica Saperska
3%
ulica Siewna
3%
ulica Ślepa
3%
ulica Sokolnicka
3%
ulica Stanisława Wigury
3%
ulica Stare Miasto
3%
ulica Sudecka
3%
ulica Tylna
3%
ulica Urzędnicza
3%
ulica Wał Bernardyński
3%
ulica Walki Młodych
3%
ulica Więzienna
3%
ulica Wioślarska
3%
ulica Włókniarzy
3%
ulica Wygon
3%
ulica Zakopiańska
3%
ulica Zimna
3%
ulica Zjazd
3%
ulica Źródlana
3%
ulica Andrzeja Izdebskiego
2%
ulica Babiogórska
2%
ulica Baligrodzka
2%
ulica Bieszczadzka
2%
ulica Bolesława Skarżyńskiego
2%
ulica Braci Gillerów
2%
ulica Chłopska
2%
ulica Chochołowska
2%
ulica Czorsztyńska
2%
ulica Dobra
2%
ulica Gęsia
2%
ulica Grobla
2%
ulica Gustawa Morcinka
2%
ulica Jana Dębowego
2%
ulica Jana Onufrego Zagłoby
2%
ulica Jana Zamełki
2%
ulica Józefa Kapłana
2%
ulica Kmieca
2%
ulica Kokanińska
2%
ulica kpt. Wiatkina
2%
ulica Litewska
2%
ulica Lucjana Szenwalda
2%
ulica Mieczysława Starego
2%
ulica Modrzewiowa
2%
ulica Mylna
2%
ulica Pienińska
2%
ulica płk. Dowydenki
2%
ulica Podhalańska
2%
ulica Pontonowa
2%
ulica Próżna
2%
ulica Pusta
2%
ulica Skalna
2%
ulica Smrekowa
2%
ulica Stefana Rogozińskiego
2%
ulica Taborowa
2%
ulica Topiel
2%
ulica Wał Jagielloński
2%
ulica Władysława Broniewskiego
2%
ulica Wojciecha Bogusławskiego
2%
ulica Wojciecha z Brudzewa
2%
ulica Wrzosowa
2%
ulica Wyjazdowa
2%
ulica Józefa Sułkowskiego
0%
ulica Juliana Miłkowskiego
0%
ulica Juliusza Osterwy
0%
ulica Łomnicka
0%
ulica Łysogórska
0%
ulica Piesza
0%
ulica Pionierska
0%
ulica Wydarte
0%
ulica Zapiecek
0%
ulica Zofii Nałkowskiej
0%
Nie znaleziono quizów pasujących do podanych kryteriów
Rozkład punktacji
Procent ludzi z każdym wynikiem
Percentyl według liczby udzielonych odpowiedzi
Twoja historia wyników
Nie rozwiązałeś tego quizu